| 000 | 01139nam0a22002651 4500 | ||
|---|---|---|---|
| 001 | rc\4061824 | ||
| 005 | 20260406191041.0 | ||
| 021 |
_aRU _b[54-25155] |
||
| 035 | _a(NLR Aleph) 008113395 | ||
| 090 |
_a9318576 _c9318576 |
||
| 100 | _a20130415d1954 |||y0rusy50 ca | ||
| 101 | 0 | _arus | |
| 102 | _aRU | ||
| 105 | _aa z ||||| | ||
| 200 | 1 |
_aМатериалы о работе системы потребительской кооперации Воронежской области. 1948-1953 гг. _eДелегату II съезда потребкооперации _fВоронежский союз потреб. обществ |
|
| 210 |
_aВоронеж _cБ. и. _d1954 |
||
| 215 |
_a48 л. _cил. _d17х24 |
||
| 333 | _aНа правах рукописи | ||
| 606 |
_aПотребительская кооперация _yВоронежская область _2psbo |
||
| 712 | 0 | 2 |
_aВоронежский областной союз потребительских обществ _9402173 _3RU\NLR\AUTH\889953085 |
| 801 | 0 |
_aRU _bNLR _gpsbo |
|
| 801 | 1 |
_aRU _bELAR _2rusmarc |
|
| 852 |
_aNLR _jЭк80 Г-8/21 |
||
| 942 | _cBOOK | ||
| 980 | _aNB | ||